Máquinas para labranza /

Guardado en:
Otros Autores: Stockdale, Ricardo J.
Formato: Libro
Idioma:Spanish
Publicado: Bahía Blanca : Universidad Nacional del Sur, Departamento de Ciencias Agrarias, 1982.
Etiquetas: Agregar Etiqueta
Sin Etiquetas, Sea el primero en etiquetar este registro!
LEADER 00624nam a22001575a 4500
001 EEA.libagro005235
005 20180928102308.0
008 130809s1982####ag#a##########000#0#spa#d
082 0 4 |a 631.312 
245 1 0 |a Máquinas para labranza /  |c Ricardo J. Stockdale. 
260 |a Bahía Blanca :  |b Universidad Nacional del Sur, Departamento de Ciencias Agrarias,  |c 1982. 
300 |a 33 h. :  |b ilus. ;  |c 34 cm. 
700 1 |a Stockdale, Ricardo J. 
859 |a AR-BbBCA  |b BIB. AGRONOMIA  |h 631.312  |i S864  |p 1996/2506 
859 |a AR-BbBCA  |b BIB. AGRONOMIA  |h 631.312  |i S864  |p 1996/2507  |t Ej.2 
859 |a AR-BbBCA  |b BIB. AGRONOMIA  |h 631.312  |i S864  |p 1996/2508  |t Ej.3